[Event "RUS-chT Premier 2019"]
[Site "Sochi"]
[Date "2019.05.04"]
[Round "4.1"]
[White "Lobanov, Sergei"]
[Black "Alekseev, Evgeny"]
[Result "1/2-1/2"]
[WhiteElo "2513"]
[BlackElo "2647"]
[Annotator "TA"]
[PlyCount "118"]
[EventDate "2019.04.30"]
[EventType "team-tourn"]
[EventCountry "RUS"]
[SourceTitle "playchess.com"]
[Source "ChessBase"]
[SourceQuality "1"]

{[%evp 12,118,16,12,29,26,27,29,34,26,40,26,31,21,29,24,27,31,20,3,9,0,0,0,13,0,2,-18,0,-26,-5,-8,-14,-17,0,0,0,-4,-7,-25,0,0,0,0,0,-6,-16,-15,0,0,0,-81,-45,-155,-135,-124,-42,-47,-18,-56,-54,-72,-48,-44,-60,-59,-49,-46,-61,-126,-65,-80,-78,-162,-88,-91,-73,-97,-46,-532,-532,-532,-529,-493,-527,-525,-527,-520,-310,-519,-218,-218,-222,-185,-75,-75,-8,-8,-8,-8,-8,-8,-8,-8,-8,-8,-8,-8,-8]} 1. e4 e5 2. Nf3 Nc6 3. Bb5 Nf6 4. O-O Nxe4 5. Re1 Nd6 6. Nxe5 Be7 7. Bf1 Nf5 {C67: Ruy Lopez: Berlin Defence: 4 0-0 Nxe4} (7... Nxe5 8. Rxe5 O-O 9. d4 Bf6 10. Re1 Re8 11. c3 Rxe1 12. Qxe1 Ne8 13. d5 c6 14. Qd1 b6 15. Bf4 Bb7 16. dxc6 dxc6 17. Nd2 c5 18. Nc4 Qxd1 19. Rxd1 {½-½ (40) Anand,V (2774)-Caruana,F (2819) Karlsruhe/Baden Baden 2019}) 8. Nf3 d5 9. d4 O-O {White has an edge.} 10. c3 Bd6 11. Bd3 Re8 12. Rxe8+ Qxe8 13. Nbd2 {[%cal Bb1d2,Bd2f1,Bf1g3][%mdl 32]} f6 14. Qc2 $146 ({Predecessor:} 14. Nf1 Qf7 15. Qc2 {0-1 (34) Gaponenko,I (2437)-Sargissian,G (2652) Douglas 2017}) 14... g6 15. Nf1 Qf7 16. Ng3 {[%cal Rd3f5]} Nce7 17. Ne2 Bd7 18. Qb3 b6 19. Bf4 Re8 20. Bb5 c6 21. Bd3 Nc8 22. a4 c5 23. dxc5 bxc5 24. Qd1 Bf8 25. Bb5 g5 {Strongly threatening ...Bxb5.} 26. Bb8 Rd8 27. Bc7 Re8 $1 28. Ng3 {Hoping for Nxf5.} Ng7 29. Ba5 Bxb5 30. axb5 Nd6 31. Qd3 (31. b4 $11) 31... Rb8 32. Rd1 ({White should play} 32. Nf1 $15) 32... Rxb5 33. b4 Nc4 (33... g4 $1 $17 {Threatens to win with ...c4.} 34. Ne1 c4) 34. h4 $15 g4 35. Nd2 Rxa5 36. bxa5 {Black must now prevent Nxc4.} Nb2 {[%mdl 64] Double Attack} 37. Qc2 Nxd1 38. Qxd1 f5 39. Ne2 f4 40. Nf1 (40. g3 $15) 40... Bd6 (40... Nh5 $1 $17 41. Qd3 Bd6) 41. Qa4 Qe8 $36 {[%mdl 2048] Keeping White busy.} 42. Qc2 (42. Qa2 $17 {is a better defense.}) 42... Qe6 ({Better is} 42... Qe4 $19 43. Qxe4 dxe4) 43. g3 Nh5 {And now ...f3 would win.} 44. gxf4 Nxf4 ({Black should try} 44... Bxf4 $17 45. Qb3 Bd6) 45. Ne3 $2 {[%mdl 8192]} (45. Nxf4 $15 Bxf4 46. Qb1) 45... Nxe2+ $1 $19 46. Qxe2 d4 47. cxd4 cxd4 48. Qxg4+ Qxg4+ 49. Nxg4 {[%mdl 4096] Endgame KB-KN} Kf7 50. h5 $2 (50. f3 {was the only defense.}) 50... d3 (50... a6 $142 51. Kg2 Bc7) 51. a6 {[#]} Ke6 $1 52. Kf1 {[#]} Kf5 (52... Bb4 $1 $19 53. f4 Bd6) 53. Ne3+ $17 Kg5 (53... Ke4 $17 {...Bb4 is the strong threat.} 54. Ke1 Bc5) 54. Nc4 $11 {The position is equal.} Bc7 ({Avoid the trap} 54... Kxh5 $2 55. Nxd6 Kg4 56. Nb5 $18) 55. Nb2 d2 56. Ke2 Kxh5 57. Kxd2 Kg4 58. Ke2 h5 59. Nd1 Kf4 {Accuracy: White = 52%, Black = 48%.} 1/2-1/2

[Event "RUS-chT Premier 2019"]
[Site "Sochi"]
[Date "2019.05.04"]
[Round "4.2"]
[White "Rakhmanov, Aleksandr"]
[Black "Pershin, Denis"]
[Result "1-0"]
[WhiteElo "2629"]
[BlackElo "2409"]
[Annotator "TA"]
[PlyCount "79"]
[EventDate "2019.04.30"]
[EventType "team-tourn"]
[EventCountry "RUS"]
[SourceTitle "playchess.com"]
[Source "ChessBase"]
[SourceQuality "1"]

{[%evp 9,85,0,0,0,0,0,8,0,0,0,0,0,0,0,0,0,0,0,11,19,74,75,411,412,438,452,452,412,397,371,358,0,397,0,387,0,291,288,608,609,603,602,589,579,541,513,538,516,551,0,481,0,527,519,816,623,971,939,1339,1347,1189,1166,29986,853,5197,5110,3087,2839,2129,1012,988,534,482,404,1764,1709,1576,1499]} 1. d4 d5 2. c4 c6 3. Nf3 Nf6 4. g3 dxc4 5. Bg2 b5 6. Ne5 {D11: Slav Defence: 3 Nf3 sidelines and 3...Nf6 4 e3 Bg4} Bb7 7. O-O e6 8. b3 {The position is equal.} cxb3 $1 9. axb3 Be7 10. Nc3 a6 11. Bb2 $36 {[%mdl 2048] White has good play.} O-O 12. Ne4 Nxe4 13. Bxe4 {[#]} Qb6 $146 ({Predecessor:} 13... a5) 14. Qc2 g6 (14... h6 $11) 15. h4 $16 f6 $2 {[%mdl 8192] [#]} (15... f5 $16 {is more resistant.}) 16. Bxg6 $1 $18 {[%mdl 512]} hxg6 17. Qxg6+ Kh8 18. Qh5+ Kg8 19. Qg4+ Kh7 20. Qg6+ Kh8 21. Qh5+ Kg8 22. Qg4+ Kh7 23. Qxe6 Qd8 $2 (23... Qc7) 24. Qf5+ Kg7 25. Qg4+ Kh7 26. Qh5+ Kg7 {intending ...Qe8.} 27. Qg6+ Kh8 28. Qh6+ Kg8 29. Qg6+ Kh8 30. Qh6+ Kg8 31. Ng6 Nd7 (31... Kf7 $142 32. Ba3 Bxa3 33. Qh7+ (33. Rxa3 Rg8 $14) (33. Nxf8 $2 Bxf8 34. Qh7+ Bg7 $19) 33... Ke8) 32. e4 Nb6 33. e5 {Threatening mate with e6.} f5 34. e6 {[%csl Gg6][%cal Rh6h8]} Bf6 {[#]} 35. e7 $1 {[%mdl 512]} Bxe7 36. Qh8+ (36. Rfe1 $142 Bf6 37. Ne7+ $1 {[%mdl 576] Clearance} (37. Nxf8 Qxf8 38. Qg6+ Qg7 $14) 37... Bxe7 38. Qg6+ Kh8 39. Rxe7 $1 {[%mdl 576] Deflection} Qxe7 40. d5+ {[%mdl 64] Discovered Attack} Rf6 41. Bxf6+ Qxf6 42. Qxf6+ Kg8 43. Re1) 36... Kf7 37. Qh7+ Ke8 {[#]} 38. Rfe1 $1 {[%cal Re1e7][%mdl 512]} Nd5 {[#]} 39. Nxe7 (39. Rxe7+ $142 $1 {[%mdl 512]} Qxe7 (39... Nxe7 40. Re1) 40. Nxe7 {[%mdl 64] Discovered Attack}) 39... Nxe7 {[#]} 40. d5 {Played: Bb2-a3} 1-0

[Event "RUS-chT Premier 2019"]
[Site "Sochi"]
[Date "2019.05.04"]
[Round "4.3"]
[White "Shubin, Kirill"]
[Black "Kokarev, Dmitry"]
[Result "1/2-1/2"]
[WhiteElo "2404"]
[BlackElo "2605"]
[Annotator "RC"]
[PlyCount "80"]
[EventDate "2019.04.30"]
[EventType "team-tourn"]
[EventCountry "RUS"]
[SourceTitle "playchess.com"]
[Source "ChessBase"]
[SourceQuality "1"]
[TimeControl "40/5400+30:1800+30"]

1. e4 {[%emt 0:00:00]} c5 {[%emt 0:00:00]} 2. Nf3 {[%emt 0:00:00]} d6 {[%emt 0:00:00]} 3. d4 {[%emt 0:00:00]} cxd4 {[%emt 0:00:00]} 4. Qxd4 {[%emt 0:00:00]} Nf6 {[%emt 0:00:08]} 5. Bb5+ {[%emt 0:00:00]} Bd7 {[%emt 0:00:09]} 6. c4 {[%emt 0:00:00]} g6 {[%emt 0:00:18]} 7. Nc3 {[%emt 0:00:04]} Bg7 {[%emt 0:00:14]} 8. O-O {[%emt 0:00:07]} O-O {[%emt 0:00:11]} 9. Qd3 {[%emt 0:00:04]} Bg4 {[%emt 0:01:41]} 10. h3 {[%emt 0:00:04]} Bxf3 {[%emt 0:00:11]} 11. Qxf3 {[%emt 0:00:04]} Nc6 {[%emt 0:01:06]} 12. Bxc6 {[%emt 0:08:15]} bxc6 {[%emt 0:00:09]} 13. e5 {[%emt 0:02:52]} Nd7 {[%emt 0:00:11]} 14. exd6 {[%emt 0:00:13]} Ne5 {[%emt 0:00:07]} 15. Qe2 {[%emt 0:07:20]} exd6 {[%emt 0:02:25]} 16. b3 {[%emt 0:00:30]} d5 {[%emt 0:18:15]} 17. cxd5 {[%emt 0:09:07]} cxd5 {[%emt 0:00:19]} 18. Bb2 {[%emt 0:00:31]} d4 {[%emt 0:13:06]} 19. Rad1 {[%emt 0:00:37]} Re8 {[%emt 0:05:44]} 20. Nb5 {[%emt 0:03:20]} d3 {[%emt 0:05:38]} 21. Qd2 {[%emt 0:01:16]} Nf3+ {[%emt 0:02:48]} 22. gxf3 {[%emt 0:00:08]} Bxb2 {[%emt 0:07:14]} 23. f4 {[%emt 0:00:10]} a6 {[%emt 0:08:24]} 24. Qxb2 {[%emt 0:00:05]} axb5 {[%emt 0:00:06]} 25. Qc3 {[%emt 0:00:06]} Qh4 {[%emt 0:03:31]} 26. Rxd3 {[%emt 0:00:51]} Qxf4 {[%emt 0:03:09]} 27. Qd2 {[%emt 0:03:05]} Qf5 {[%emt 0:00:33]} 28. Rd1 {[%emt 0:01:42]} h5 {[%emt 0:03:05]} 29. Re3 {[%emt 0:05:20]} Rxe3 {[%emt 0:05:14]} 30. Qxe3 {[%emt 0:00:03]} Kh7 {[%emt 0:02:53]} 31. Qd3 {[%emt 0:00:26]} Qg5+ {[%emt 0:03:01]} 32. Qg3 {[%emt 0:01:34]} Qxg3+ {[%emt 0:01:42]} 33. fxg3 {[%emt 0:00:03]} Rxa2 {[%emt 0:00:08]} 34. Rd5 {[%emt 0:00:02]} b4 {[%emt 0:00:27]} 35. Rd4 {[%emt 0:00:16]} Rb2 {[%emt 0:01:31]} 36. Rxb4 {[%emt 0:00:06]} Kg7 {[%emt 0:00:08]} 37. h4 {[%emt 0:00:05]} Kf6 {[%emt 0:00:36]} 38. Rf4+ {[%emt 0:00:29]} Ke5 {[%emt 0:00:19]} 39. Rxf7 {[%emt 0:00:05]} Rxb3 {[%emt 0:00:04]} 40. Kg2 {[%emt 0:00:00]} Rb2+ {[%emt 0:00:00]} 1/2-1/2

[Event "RUS-chT Premier 2019"]
[Site "Sochi"]
[Date "2019.05.04"]
[Round "4.4"]
[White "Romanov, Evgeny"]
[Black "Saveliev, Alexei"]
[Result "1-0"]
[WhiteElo "2573"]
[BlackElo "2367"]
[Annotator "ChessBase"]
[PlyCount "75"]
[EventDate "2019.04.30"]
[EventType "team-tourn"]
[EventCountry "RUS"]
[SourceTitle "playchess.com"]
[Source "ChessBase"]
[SourceQuality "1"]
[TimeControl "40/5400+30:1800+30"]

1. e4 {[%emt 0:00:00]} c5 {[%emt 0:00:00]} 2. Nf3 {[%emt 0:00:00]} e6 {[%emt 0:00:00]} 3. b3 {[%emt 0:00:10]} a6 {[%emt 0:01:33]} 4. Bb2 {[%emt 0:00:15]} Nc6 {[%emt 0:00:18]} 5. g3 {[%emt 0:01:08]} Nf6 {[%emt 0:08:12]} 6. e5 {[%emt 0:01:53]} Ng4 {[%emt 0:00:44]} 7. Qe2 {[%emt 0:03:30]} d6 {[%emt 0:30:56]} 8. exd6 {[%emt 0:01:10]} Nf6 {[%emt 0:03:29]} 9. Na3 {[%emt 0:02:46]} Bxd6 {[%emt 0:04:04]} 10. Bg2 {[%emt 0:06:21]} O-O {[%emt 0:00:06]} 11. Nc4 {[%emt 0:00:15]} Be7 {[%emt 0:01:09]} 12. a4 {[%emt 0:07:27]} Nd5 {[%emt 0:07:14]} 13. O-O {[%emt 0:02:27]} Bd7 {[%emt 0:04:56]} 14. a5 {[%emt 0:04:37]} Qc7 {[%emt 0:00:44]} 15. Nfe5 {[%emt 0:01:49]} Rae8 {[%emt 0:02:03]} 16. Rfe1 {[%emt 0:12:46]} Bc8 {[%emt 0:05:22]} 17. Nxc6 {[%emt 0:03:24]} bxc6 {[%emt 0:01:30]} 18. Qe5 {[%emt 0:06:05]} Qxe5 {[%emt 0:00:50]} 19. Nxe5 {[%emt 0:00:11]} Nb4 {[%emt 0:03:02]} 20. Rac1 {[%emt 0:06:42]} Rd8 {[%emt 0:00:17]} 21. d3 {[%emt 0:04:42]} Bb7 {[%emt 0:03:00]} 22. f4 {[%emt 0:01:05]} Nd5 {[%emt 0:01:29]} 23. h4 {[%emt 0:02:28]} f6 {[%emt 0:03:05]} 24. Nf3 {[%emt 0:02:14]} Kf7 {[%emt 0:00:08]} 25. Re4 {[%emt 0:01:48]} Rb8 {[%emt 0:01:05]} 26. Rce1 {[%emt 0:01:48]} Bc8 {[%emt 0:00:07]} 27. Bh3 {[%emt 0:00:46]} Nc7 {[%emt 0:00:16]} 28. f5 {[%emt 0:02:35]} Bd6 {[%emt 0:00:17]} 29. fxe6+ {[%emt 0:00:41]} Ke7 {[%emt 0:00:02]} 30. Kh2 {[%emt 0:09:37]} g6 {[%emt 0:05:40]} 31. h5 {[%emt 0:01:07]} Rb5 {[%emt 0:02:07]} 32. hxg6 {[%emt 0:05:28]} hxg6 {[%emt 0:00:05]} 33. Rh4 {[%emt 0:02:53]} f5 {[%emt 0:02:56]} 34. Rh7+ {[%emt 0:01:11]} Ke8 {[%emt 0:00:01]} 35. Be5 {[%emt 0:01:24]} Bxe5 {[%emt 0:00:36]} 36. Nxe5 {[%emt 0:00:23]} Nxe6 {[%emt 0:00:12]} 37. Bg2 {[%emt 0:00:59]} Rxa5 {[%emt 0:00:30]} 38. Nxc6 {[%emt 0:00:20]} 1-0

[Event "RUS-chT Premier 2019"]
[Site "Sochi"]
[Date "2019.05.04"]
[Round "4.5"]
[White "Timerkhanov, Alexander"]
[Black "Rozum, Ivan"]
[Result "0-1"]
[WhiteElo "2366"]
[BlackElo "2568"]
[Annotator "ChessBase"]
[PlyCount "108"]
[EventDate "2019.04.30"]
[EventType "team-tourn"]
[EventCountry "RUS"]
[SourceTitle "playchess.com"]
[Source "ChessBase"]
[SourceQuality "1"]
[TimeControl "40/5400+30:1800+30"]

1. d4 {[%emt 0:00:00]} Nf6 {[%emt 0:00:00]} 2. Bg5 {[%emt 0:00:00]} e6 {[%emt 0:00:20]} 3. Nd2 {[%emt 0:00:00]} c5 {[%emt 0:00:18]} 4. e3 {[%emt 0:00:00]} cxd4 {[%emt 0:01:01]} 5. exd4 {[%emt 0:00:00]} Be7 {[%emt 0:00:18]} 6. Bd3 {[%emt 0:02:20]} b6 {[%emt 0:01:22]} 7. Ngf3 {[%emt 0:03:09]} Ba6 {[%emt 0:01:10]} 8. Qe2 {[%emt 0:01:16]} Bxd3 {[%emt 0:01:19]} 9. Qxd3 {[%emt 0:00:09]} O-O {[%emt 0:00:34]} 10. Bxf6 {[%emt 0:08:20]} Bxf6 {[%emt 0:00:12]} 11. h4 d5 {[%emt 0:05:25]} 12. c3 {[%emt 0:07:02]} Nc6 {[%emt 0:01:29]} 13. O-O-O {[%emt 0:10:16]} Qc7 {[%emt 0:08:53]} 14. Kb1 {[%emt 0:01:05]} Rab8 {[%emt 0:07:57]} 15. Rh3 {[%emt 0:12:11]} Qf4 {[%emt 0:05:53]} 16. Nf1 {[%emt 0:16:59]} g6 {[%emt 0:10:15]} 17. Ng3 {[%emt 0:04:34]} b5 {[%emt 0:09:03]} 18. Ng5 {[%emt 0:02:18]} Bxg5 {[%emt 0:05:10]} 19. hxg5 {[%emt 0:00:56]} Kg7 {[%emt 0:04:17]} 20. Rdh1 {[%emt 0:13:19]} Rh8 {[%emt 0:00:06]} 21. a3 {[%emt 0:06:23]} Qxg5 {[%emt 0:05:47]} 22. Nh5+ {[%emt 0:00:40]} Kf8 {[%emt 0:01:02]} 23. f4 {[%emt 0:01:53]} Qe7 {[%emt 0:06:50]} 24. Ng3 {[%emt 0:00:05]} h5 {[%emt 0:01:37]} 25. Ne2 {[%emt 0:02:11]} Kg7 {[%emt 0:01:27]} 26. Qg3 {[%emt 0:00:20]} a5 {[%emt 0:05:24]} 27. Rxh5 {[%emt 0:01:38]} Rxh5 {[%emt 0:00:03]} 28. Rxh5 {[%emt 0:00:03]} b4 {[%emt 0:00:09]} 29. Rh1 {[%emt 0:02:53]} bxa3 {[%emt 0:03:08]} 30. Qh3 {[%emt 0:00:08]} Qf6 {[%emt 0:00:13]} 31. b3 {[%emt 0:00:34]} Rxb3+ {[%emt 0:00:47]} 32. Ka2 {[%emt 0:00:04]} Rb8 {[%emt 0:00:05]} 33. Qh6+ {[%emt 0:01:39]} Kg8 {[%emt 0:00:04]} 34. Qh7+ {[%emt 0:02:58]} Kf8 {[%emt 0:00:01]} 35. Qh8+ {[%emt 0:00:08]} Qxh8 {[%emt 0:06:37]} 36. Rxh8+ {[%emt 0:00:05]} Ke7 {[%emt 0:00:01]} 37. Rxb8 {[%emt 0:00:10]} Nxb8 {[%emt 0:00:01]} 38. Kxa3 {[%emt 0:00:59]} Kf6 {[%emt 0:00:18]} 39. Ng3 {[%emt 0:00:37]} Nd7 {[%emt 0:01:04]} 40. Ka4 {[%emt 0:00:00]} Nb6+ {[%emt 0:00:00]} 41. Kxa5 {[%emt 0:04:00]} Nc4+ {[%emt 0:00:56]} 42. Kb4 {[%emt 0:03:47]} Ne3 {[%emt 0:00:05]} 43. Kc5 {[%emt 0:03:39]} Nxg2 {[%emt 0:00:23]} 44. f5 {[%emt 0:00:11]} gxf5 {[%emt 0:00:16]} 45. c4 {[%emt 0:00:05]} f4 {[%emt 0:03:07]} 46. Nh1 Ne3 47. cxd5 {[%emt 0:00:25]} Nxd5 {[%emt 0:00:33]} 48. Kc4 {[%emt 0:00:21]} Kf5 {[%emt 0:00:23]} 49. Nf2 {[%emt 0:00:05]} f3 {[%emt 0:00:29]} 50. Kd3 {[%emt 0:00:04]} Kf4 {[%emt 0:00:22]} 51. Kd2 {[%emt 0:00:32]} Kg3 {[%emt 0:00:22]} 52. Ke1 {[%emt 0:01:00]} Kg2 {[%emt 0:00:07]} 53. Nd3 {[%emt 0:00:05]} f6 {[%emt 0:00:19]} 54. Nf2 {[%emt 0:00:27]} Ne3 {[%emt 0:01:15]} 0-1

[Event "RUS-chT Premier 2019"]
[Site "Sochi"]
[Date "2019.05.04"]
[Round "4.6"]
[White "Sychev, Klementy"]
[Black "Askerov, Marat"]
[Result "1-0"]
[WhiteElo "2574"]
[BlackElo "2315"]
[Annotator "ChessBase"]
[PlyCount "35"]
[EventDate "2019.04.30"]
[EventType "team-tourn"]
[EventCountry "RUS"]
[SourceTitle "playchess.com"]
[Source "ChessBase"]
[SourceQuality "1"]
[TimeControl "40/5400+30:1800+30"]

1. c4 {[%emt 0:00:00]} c5 {[%emt 0:00:27]} 2. Nf3 {[%emt 0:00:00]} Nc6 {[%emt 0:07:09]} 3. d4 {[%emt 0:00:08]} cxd4 {[%emt 0:00:06]} 4. Nxd4 {[%emt 0:00:04]} Nf6 {[%emt 0:01:42]} 5. Nc3 {[%emt 0:00:10]} e6 {[%emt 0:03:49]} 6. g3 {[%emt 0:01:36]} d5 {[%emt 0:12:28]} 7. Bg2 {[%emt 0:02:50]} Bc5 {[%emt 0:02:59]} 8. Nb3 {[%emt 0:02:16]} Bb4 {[%emt 0:00:07]} 9. cxd5 {[%emt 0:01:41]} Nxd5 {[%emt 0:02:50]} 10. O-O {[%emt 0:01:07]} Nxc3 {[%emt 0:05:59]} 11. bxc3 {[%emt 0:02:18]} Qxd1 {[%emt 0:20:08]} 12. Rxd1 {[%emt 0:00:07]} Be7 {[%emt 0:00:05]} 13. Nd4 {[%emt 0:19:48]} Bd7 {[%emt 0:07:45]} 14. Nb5 {[%emt 0:20:24]} O-O-O {[%emt 0:03:34]} 15. Rb1 {[%emt 0:00:05]} a6 {[%emt 0:06:43]} 16. Na7+ {[%emt 0:01:54]} Kc7 {[%emt 0:07:50]} 17. Bf4+ {[%emt 0:00:20]} e5 {[%emt 0:00:04]} 18. Bxe5+ {[%emt 0:00:08]} 1-0

[Event "RUS-chT Premier 2019"]
[Site "Sochi"]
[Date "2019.05.04"]
[Round "4.7"]
[White "Riazantsev, Alexander"]
[Black "Bocharov, Ivan"]
[Result "1-0"]
[WhiteElo "2653"]
[BlackElo "2568"]
[Annotator "RC"]
[PlyCount "89"]
[EventDate "2019.04.30"]
[EventType "team-tourn"]
[EventCountry "RUS"]
[SourceTitle "playchess.com"]
[Source "ChessBase"]
[SourceQuality "1"]
[TimeControl "40/5400+30:1800+30"]

1. d4 {[%emt 0:00:00]} Nf6 {[%emt 0:00:00]} 2. c4 {[%emt 0:00:00]} e6 {[%emt 0:00:00]} 3. Nf3 {[%emt 0:00:00]} b6 {[%emt 0:00:00]} 4. g3 {[%emt 0:03:08]} Ba6 {[%emt 0:00:03]} 5. b3 {[%emt 0:03:07]} Bb4+ {[%emt 0:00:27]} 6. Bd2 {[%emt 0:00:06]} Be7 {[%emt 0:00:04]} 7. Nc3 {[%emt 0:01:45]} d5 {[%emt 0:00:10]} 8. cxd5 {[%emt 0:01:19]} exd5 {[%emt 0:00:01]} 9. Bg2 {[%emt 0:00:08]} O-O {[%emt 0:00:09]} 10. O-O {[%emt 0:00:06]} Re8 {[%emt 0:00:05]} 11. Qc2 {[%emt 0:08:58]} c5 {[%emt 0:02:04]} 12. Rad1 {[%emt 0:17:42]} Nc6 {[%emt 0:03:01]} 13. Be3 {[%emt 0:02:48]} Rc8 {[%emt 0:04:01]} 14. Bh3 {[%emt 0:13:37]} Rc7 {[%emt 0:04:03]} 15. Qb2 {[%emt 0:05:10]} c4 {[%emt 0:02:27]} 16. bxc4 {[%emt 0:06:05]} Bxc4 {[%emt 0:00:37]} 17. Ne5 {[%emt 0:00:28]} Na5 {[%emt 0:01:46]} 18. Bf4 {[%emt 0:07:04]} Nh5 {[%emt 0:03:58]} 19. Bd2 {[%emt 0:00:28]} Ba6 {[%emt 0:03:34]} 20. Nb5 {[%emt 0:04:08]} Nc4 {[%emt 0:10:12]} 21. Nxc4 {[%emt 0:00:55]} Rxc4 {[%emt 0:00:47]} 22. Rc1 {[%emt 0:04:34]} Bg5 {[%emt 0:21:58]} 23. Bxg5 {[%emt 0:06:46]} Qxg5 {[%emt 0:00:02]} 24. e3 {[%emt 0:00:06]} Nf6 {[%emt 0:13:32]} 25. Nd6 {[%emt 0:06:25]} Rxc1 {[%emt 0:02:33]} 26. Rxc1 {[%emt 0:00:03]} Rd8 {[%emt 0:07:13]} 27. Qa3 {[%emt 0:00:08]} Qh6 {[%emt 0:00:17]} 28. Bf5 {[%emt 0:05:30]} Bc4 {[%emt 0:09:50]} 29. Qxa7 {[%emt 0:00:17]} Qh5 {[%emt 0:00:02]} 30. Qxb6 {[%emt 0:00:40]} Rf8 {[%emt 0:00:28]} 31. a4 {[%emt 0:01:14]} g6 {[%emt 0:00:55]} 32. Nxc4 {[%emt 0:00:49]} Qxf5 {[%emt 0:00:02]} 33. Ne5 {[%emt 0:00:26]} Ne4 {[%emt 0:00:20]} 34. Qb2 {[%emt 0:00:33]} f6 {[%emt 0:03:24]} 35. Nd3 {[%emt 0:00:30]} Ng5 {[%emt 0:00:48]} 36. Ne1 {[%emt 0:00:57]} Qe4 {[%emt 0:00:19]} 37. h4 {[%emt 0:00:05]} Nh3+ {[%emt 0:00:50]} 38. Kh2 {[%emt 0:00:05]} g5 {[%emt 0:00:01]} 39. Qc2 {[%emt 0:01:19]} Qe6 {[%emt 0:01:14]} 40. Ng2 {[%emt 0:00:00]} Ra8 {[%emt 0:00:00]} 41. f3 {[%emt 0:04:45]} g4 {[%emt 0:03:29]} 42. fxg4 {[%emt 0:01:38]} Qxg4 {[%emt 0:01:01]} 43. Qc6 {[%emt 0:00:44]} Rf8 {[%emt 0:01:30]} 44. Qxd5+ {[%emt 0:00:43]} Kh8 {[%emt 0:00:03]} 45. Rf1 {[%emt 0:02:53]} 1-0

[Event "RUS-chT Premier 2019"]
[Site "Sochi"]
[Date "2019.05.04"]
[Round "4.8"]
[White "Khanin, Semen"]
[Black "Lysyj, Igor"]
[Result "1/2-1/2"]
[WhiteElo "2524"]
[BlackElo "2642"]
[Annotator "TA"]
[PlyCount "49"]
[EventDate "2019.04.30"]
[EventType "team-tourn"]
[EventCountry "RUS"]
[SourceTitle "playchess.com"]
[Source "ChessBase"]
[SourceQuality "1"]

{[%evp 11,49,12,23,22,29,0,0,6,16,4,13,19,16,17,14,18,16,5,35,11,24,0,0,0,0,0,6,0,37,25,13,0,0,0,0,0,0,0,0,0]} 1. e4 e5 2. Nf3 Nc6 3. Bc4 Bc5 4. O-O Nf6 5. d3 d6 6. c3 a6 7. a4 {C54: Giuoco Piano: 4 c3 Nf6, main lines with 5 d4 and 5 d3} Ba7 8. Be3 Bxe3 9. fxe3 O-O 10. Qe1 $146 ({Predecessor:} 10. Nbd2 Ne7 11. a5 Ng6 12. Bb3 h6 13. Re1 Re8 14. Qc2 c6 {½-½ (36) Kravtsiv,M (2677)-Sokolov,I (2603) Heraklio 2017}) 10... Be6 11. Bxe6 fxe6 12. Nbd2 d5 13. Rd1 Qd6 14. Qg3 Rad8 15. d4 {[%cal Rd4e5]} Nd7 16. b4 exd4 17. exd4 Qxg3 18. hxg3 h6 19. Rfe1 b6 20. exd5 exd5 21. Re6 {The position is equal.} Rf6 22. Re3 Rff8 23. Re6 Rf6 24. Re3 Rff8 25. Re6 {Accuracy: White = 41%, Black = 51%.} 1/2-1/2

[Event "RUS-chT Premier 2019"]
[Site "Sochi"]
[Date "2019.05.04"]
[Round "4.9"]
[White "Sarana, Alexey"]
[Black "Tsydypov, Zhamsaran"]
[Result "1/2-1/2"]
[WhiteElo "2636"]
[BlackElo "2546"]
[Annotator "TA"]
[PlyCount "85"]
[EventDate "2019.04.30"]
[EventType "team-tourn"]
[EventCountry "RUS"]
[SourceTitle "playchess.com"]
[Source "ChessBase"]
[SourceQuality "1"]

{[%evp 16,85,26,36,28,24,57,33,44,0,0,8,11,4,6,4,20,0,0,0,0,0,0,0,0,0,0,-7,0,5,62,38,150,16,16,16,8,6,8,10,58,58,52,58,58,58,70,70,90,73,73,62,69,72,88,65,72,64,79,50,68,68,68,68,90,90,111,111,111,111,111,111]} 1. e4 c5 2. Nf3 Nc6 3. d4 cxd4 4. Nxd4 e5 5. Nb5 d6 6. N1c3 a6 7. Na3 Be6 8. Nc4 b5 9. Ne3 Nf6 {B32: Sicilian: Löwenthal and Kalashnikov Variations} 10. Bd3 (10. g3 g6 11. Bg2 Bh6 12. O-O O-O 13. Bd2 Rc8 14. Ncd5 Bxd5 15. exd5 Ne7 16. a4 Qb6 17. axb5 axb5 {½-½ (57) Vocaturo,D (2607)-Radjabov,T (2741) Heraklio 2017}) 10... Be7 11. O-O Nb4 {White is slightly better.} 12. a4 (12. Be2 {with more complications.} O-O 13. a3 Nc6 14. Ned5 Nd4 15. Bd3) 12... O-O 13. axb5 axb5 14. Rxa8 Qxa8 15. Nxb5 $146 ({Predecessor:} 15. Bxb5 Nxe4 16. Nxe4 Qxe4 17. c3 Rb8 18. Qa4 Qb7 19. Be2 Nd5 {1-0 (31) Havlik,J (2077)-Hlavacek,K (2116) Czechia 2008}) 15... Nxe4 16. Bxe4 Qxe4 17. Nxd6 Qc6 18. Ndf5 Bf6 $1 19. Qd6 Qxd6 20. Nxd6 Be7 21. Ndf5 Bc5 22. c3 Nd3 (22... Na2 $11) 23. b4 $36 {[%mdl 2048] White has some pressure.} Ba7 (23... Nxc1 $14 24. Rxc1 (24. bxc5 Ne2+ 25. Kh1 Ra8 $11) 24... g6) 24. Bd2 ({White should play} 24. Ne7+ $16 Kh8 25. N3d5) 24... Ra8 $11 25. c4 Bxe3 26. Nxe3 Ra2 27. Bc3 {Hoping for Rd1.} Ra3 28. Ra1 Rxa1+ 29. Bxa1 Nxb4 30. Bxe5 $14 {[%mdl 4096] Endgame KBN-KBN} f6 31. Bc3 Na6 32. Bd4 Kf7 33. f4 Nb4 34. Kf2 h5 35. Ke2 Nc6 36. Bc5 g5 37. fxg5 Ne5 38. Bd4 {[#] Strongly threatening Bxe5.} Nxc4 39. gxf6 Nxe3 40. Kxe3 {White is better.} Bd5 41. g3 Be6 42. Kf4 Kg6 43. Bc3 {Accuracy: White = 57%, Black = 47%.} 1/2-1/2